000 00775aam a2200289 i 4500
001 768714001
003 CO-MdFUSB
005 20250429115723.0
007 ta
008 250429t1936 -us |||| |||| 00| 0 eng d
040 _cCO-MdFUSB
041 0 _aeng
082 0 4 _223
_a239
_bM4381p
100 1 _aMatthews, W. R. (Walter Robert) (1881-1973)
_eautor
245 1 4 _aThe purpose of God
_c/ W. R. Matthews
264 1 _bCharles Scribner's Sons,
_aNew York, USA :
_c[1936]
264 4 _c©1936
300 _a182 páginas
336 _atexto
_btxt
_2rdacontent
337 _2rdamedia
_asin mediación
_bn
338 _2rdacarrier
_avolumen
_bnc
563 _aPasta dura
650 7 _aApologética
_9187
942 _cBK
945 _aJTF-925
999 _c35301
_d35301